Представление документа в формате RUSMARC

ПолеНазваниеЗначение
  Тип записи a
  Библиографический уровень m
001 Контрольный номер RU/CBS_UL/BASE/8e30d79cf8084c15873b4c0bcec014db
005 Дата корректировки 20260420090138.6
010 Индекс ISBN __
a ISBN 978-5-699-92296-3
b Уточнения в пер.
d Цена 140 р. 00 к.
9 Тираж 2 000 экз.
100 Данные общей обработки __
a Данные общей обработки 20260420d2013 u u 1rusy ||||
101 Язык документа 0_
a Язык текста rus
105 Кодированные данные (монография) __
a Кодированные данные (монография) a z 000yy
181 Поле кодированных данных: вид содержания _1
a Код вида содержания (ISBD) i#
b Код характеристики содержания (ISBD) #xxe##
d i
g x
h x
i e
182 Поле кодированных данных: тип средства _1
a Код типа средства (ISBD) n
2 Код системы (источник кода, отличный от ISBD) isbdmedia
200 Заглавие и сведения об ответственности 1_
a Заглавие 100 лучших танков
b Общее обозначение материала Текст
e Сведения, относящиеся к заглавию рейтинг элитной бронетехники
e Сведения, относящиеся к заглавию [более 300 эксклюзивных цветных иллюстраций и 3D-проекций]
f Первые сведения об ответственности А. В. Чаплыгин
w Текст (визуальный) : непосредственный
203 Вид содержания и тип средства __
a Вид содержания Текст
b Характеристика содержания визуальный
c Тип средства непосредственный
210 Выходные данные 1_
a Место издания Москва
c Издательство Яуза
c Издательство ЭКСМО
d Дата издания 2016
215 Физическое описание __
a Объем 174 с.
c Иллюстрации/тип воспроизводства ил.
d Формат 26,5 см.
225 Серия 1_
a Серия 100 шедевров военной техники
300 Общие примечания __
a Общие примечания 16+
300 Общие примечания __
a Общие примечания К 100-летию первого боевого применения танков
606 Тематические рубрики 0_
a Основная рубрика Военная техника - Танки
610 Ключевые слова 0_
a Ключевые слова техника военная
a Ключевые слова танки
a Ключевые слова бронетехника
a Ключевые слова история танкостроения
a Ключевые слова танковые битвы
a Ключевые слова новые танки
686 Индексы других классификаций __
a Классификационный индекс 68.51
2 Код системы rubbk
700 Автор _1
a Фамилия Чаплыгин
b Имя (инициалы) А. В.
g Полное личное имя Андрей Викторович
801 Источник записи _0
a Страна RU
b Организация МБУК ЦБС г. Ульяновска
c Дата составления 20120709
801 Источник записи _1
a Страна RU
b Организация МБУК ЦБС г. Ульяновска
c Дата составления 20120709
852 Данные о местонахождении __
i Авторский знак Ч-19
j Шифр хранения 68.51
900 Электронные ресурсы __
a Имя электронного ресурса 100 лучших танков
901 Тип документа __
t Тип документа m